|
|
|
|
| LEADER |
00000nab a2200000 a 4500 |
| 001 |
vtls009282417 |
| 003 |
SK-MaSNL |
| 005 |
20260304160324.0 |
| 008 |
250507c2008 xo |||||||||||000 b|slo |
| 015 |
|
|
|a SNBRB2008/04
|2 snkbucl
|
| 035 |
|
|
|a urn:nbn:sk:snk-ab7us3
|
| 035 |
|
|
|a (urnnbn)urn:nbn:sk:snk:ar-0041c2
|
| 035 |
|
|
|a (uuid)48feeeb8-7035-459a-8cb3-ead1c811f856
|
| 038 |
|
|
|a SNKBUCL
|
| 040 |
|
|
|a SNKBUCL
|b slo
|c SNKBUCL
|e AACR2
|
| 041 |
0 |
|
|a slo
|
| 044 |
|
|
|a xo
|c SK
|
| 080 |
|
|
|a 355.318.2
|x (437.6)
|x (497.115)
|2 2001
|
| 080 |
|
|
|a 355.357
|x (497.115)
|2 2001
|
| 100 |
1 |
|
|a Sakáčová, Mária
|4 aut
|9 1482980
|
| 245 |
1 |
0 |
|a KFOR: Horúca skúška mrazom
|c Mária Sakáčová
|
| 300 |
|
|
|b Fotogr.
|
| 610 |
1 |
7 |
|a Slovensko.
|b Ozbrojené sily
|2 snkbucl
|9 88133
|
| 610 |
2 |
7 |
|a KFOR (organizácia)
|2 snkbucl
|9 366925
|
| 650 |
0 |
7 |
|a mierové misie
|2 snkbucl
|9 58516
|
| 651 |
|
7 |
|a Kosovo
|2 snkbucl
|9 112264
|
| 773 |
0 |
|
|t Obrana
|g Roč. 16, č. 3 (2008), s. 7
|x 1336-2910
|
| 850 |
|
|
|a Slovenská národná knižnica
|
| 852 |
|
|
|a Slovenská národná knižnica
|
| 954 |
|
|
|a odborná, vedecká literatúra pôvodná (slovenská)
|2 lita
|
| 958 |
|
|
|a article9
|
| 958 |
|
|
|a OND
|
| 958 |
|
|
|a SK
|
| 958 |
|
|
|a EUIPO
|
| 999 |
|
|
|c 2966586
|d 2968516
|